| 000 | 00986cam a2200217 4500 | ||
|---|---|---|---|
| 001 | WB3826-02 | ||
| 008 | 020716n2002 000 0 eng u | ||
| 035 | _a(Sirsi) u118855 | ||
| 245 | _aBuilding a better future | ||
| 260 | _c2002 | ||
| 490 |
_aDTI Press Release _v(2002/449) 11 July 2002, (3) |
||
| 520 | _aPartners in innovation (PII) 2002 is a £7m initiative to kick-start innovative research programmes aimed at improving the quality of the bulit environment. Unlike previous PII initiatives this is aimed at researcher networks not individuals. The scheme will draw in as much finance again from industry. http://213.38.88.195/coi/coipress.nsf/567e3dc25f61661580256ae8003b4907/3c282d9fd0ca9f6480256bf4002d0175?OpenDocument | ||
| 590 | _aWB | ||
| 650 | _aBUILT ENVIRONMENT | ||
| 650 | _aRESEARCH NETWORKS | ||
| 650 | _aPARTNERS IN INNOVATION | ||
| 650 | _aPROFESSIONAL INDEMNITY INSURANCE | ||
| 650 | _aBUILT ENVIRONMENT | ||
| 690 | _aBUILT ENVIRONMENT | ||
| 942 | _n0 | ||
| 999 |
_c70739 _d70739 |
||